000 00310nam a2200121 i 4500
001 bg
245 0 _aZagadnienia konstrukcyjne urządzeń do pomiaru konduktywności elektrolitów.
260 _aWrocław,
_c1978.
040 _cBPK
041 _apol
942 _cKS
008 s pl f |000 0 pol
999 _c18354
_d18354
856 _uhttp://koha.tu.koszalin.pl/cgi-bin/koha/opac-detail.pl?biblionumber=18354
_yKatalog online BPK